Socrates and Plato
| Main Author: | |
|---|---|
| Format: | Electronic Article |
| Language: | English |
| Check availability: | HBZ Gateway |
| Interlibrary Loan: | Interlibrary Loan for the Fachinformationsdienste (Specialized Information Services in Germany) |
| Published: |
2021
|
| In: |
Phronesis
Year: 2021, Volume: 66, Issue: 4, Pages: 457-465 |
| Online Access: |
Volltext (lizenzpflichtig) Volltext (lizenzpflichtig) |
MARC
| LEADER | 00000caa a22000002c 4500 | ||
|---|---|---|---|
| 001 | 1777225787 | ||
| 003 | DE-627 | ||
| 005 | 20211112160300.0 | ||
| 007 | cr uuu---uuuuu | ||
| 008 | 211111s2021 xx |||||o 00| ||eng c | ||
| 024 | 7 | |a 10.1163/15685284-12341050 |2 doi | |
| 035 | |a (DE-627)1777225787 | ||
| 035 | |a (DE-599)KXP1777225787 | ||
| 040 | |a DE-627 |b ger |c DE-627 |e rda | ||
| 041 | |a eng | ||
| 084 | |a 0 |a 1 |2 ssgn | ||
| 100 | 1 | |e VerfasserIn |0 (DE-588)1012634728 |0 (DE-627)704892650 |0 (DE-576)345721500 |4 aut |a Long, Alex |d 1979- | |
| 109 | |a Long, Alex 1979- |a Long, A. G. 1979- |a Long, Alexander George 1979- |a Long, Alexander 1979- | ||
| 245 | 1 | 0 | |a Socrates and Plato |
| 264 | 1 | |c 2021 | |
| 336 | |a Text |b txt |2 rdacontent | ||
| 337 | |a Computermedien |b c |2 rdamedia | ||
| 338 | |a Online-Ressource |b cr |2 rdacarrier | ||
| 773 | 0 | 8 | |i Enthalten in |t Phronesis |d Leiden [u.a.] : Brill, 1955 |g 66(2021), 4, Seite 457-465 |h Online-Ressource |w (DE-627)325566992 |w (DE-600)2036943-8 |w (DE-576)09411398X |x 1568-5284 |7 nnas |
| 773 | 1 | 8 | |g volume:66 |g year:2021 |g number:4 |g pages:457-465 |
| 856 | 4 | 0 | |u https://doi.org/10.1163/15685284-12341050 |x Resolving-System |z lizenzpflichtig |3 Volltext |7 1 |
| 856 | 4 | 0 | |u https://brill.com/view/journals/phro/66/4/article-p457_5.xml |x Verlag |z lizenzpflichtig |3 Volltext |7 1 |
| 935 | |a mteo | ||
| 951 | |a AR | ||
| ELC | |a 1 | ||
| ITA | |a 1 |t 1 | ||
| LOK | |0 000 xxxxxcx a22 zn 4500 | ||
| LOK | |0 001 400141189X | ||
| LOK | |0 003 DE-627 | ||
| LOK | |0 004 1777225787 | ||
| LOK | |0 005 20211111042636 | ||
| LOK | |0 008 211111||||||||||||||||ger||||||| | ||
| LOK | |0 035 |a (DE-Tue135)IxTheo#2021-11-10#98592BB5308294E2786EC608FBD6A4E85DF615EC | ||
| LOK | |0 040 |a DE-Tue135 |c DE-627 |d DE-Tue135 | ||
| LOK | |0 092 |o n | ||
| LOK | |0 852 |a DE-Tue135 | ||
| LOK | |0 852 1 |9 00 | ||
| LOK | |0 935 |a ixzs |a zota | ||
| LOK | |0 939 |a 11-11-21 |b l01 | ||
| ORI | |a SA-MARC-ixtheoa001.raw | ||
| REL | |a 1 | ||
| SUB | |a REL | ||



